The uttarakhand movement : (Record no. 123797)

MARC details
000 -LEADER
fixed length control field 00804nam a22002537a 4500
003 - CONTROL NUMBER IDENTIFIER
control field 0
005 - DATE AND TIME OF LATEST TRANSACTION
control field 20180728130715.0
008 - FIXED-LENGTH DATA ELEMENTS--GENERAL INFORMATION
fixed length control field 0
010 ## - LIBRARY OF CONGRESS CONTROL NUMBER
LC control number B-019386
020 ## - INTERNATIONAL STANDARD BOOK NUMBER
Terms of availability 00
International Standard Book Number 8173913579
035 ## - SYSTEM CONTROL NUMBER
System control number B-019386, B-019387
037 ## - SOURCE OF ACQUISITION
Source of stock number/acquisition Cen Lib/Ret
040 ## - CATALOGING SOURCE
Original cataloging agency DPL
Language of cataloging EN
Transcribing agency 0
082 ## - DEWEY DECIMAL CLASSIFICATION NUMBER
Classification number 322.42095413
Item number PRA
100 ## - MAIN ENTRY--PERSONAL NAME
Personal name Pradeep Kumar
9 (RLIN) 8071
245 ## - TITLE STATEMENT
Title The uttarakhand movement :
Statement of responsibility, etc by Pradeep Kumar
Remainder of title construction of regional identity /
260 ## - PUBLICATION, DISTRIBUTION, ETC. (IMPRINT)
Place of publication, distribution, etc New Delhi
Name of publisher, distributor, etc Kanishka Publishers
Date of publication, distribution, etc 2000
270 ## - ADDRESS
Address 4697/5-21A, ansari road, dariya ganj
City New Delhi
Postal code 110002
300 ## - PHYSICAL DESCRIPTION
Extent xviii, 228p.
Dimensions 21cm(Hb)
500 ## - GENERAL NOTE
General note Includes bibliographical references and index
650 ## - SUBJECT ADDED ENTRY--TOPICAL TERM
Topical term or geographic name as entry element Uttarakhand movement
9 (RLIN) 8072
650 ## - SUBJECT ADDED ENTRY--TOPICAL TERM
Topical term or geographic name as entry element Development
9 (RLIN) 8073
942 ## - ADDED ENTRY ELEMENTS (KOHA)
Source of classification or shelving scheme Dewey Decimal Classification
Koha item type English Books
Classification part 322.42095413
Call number suffix PRA
Holdings
Withdrawn status Lost status Damaged status Not for loan Home library Current library Date acquired Source of acquisition Cost, normal purchase price Total Checkouts Full call number Barcode Date last seen Copy number Cost, replacement price Price effective from Koha item type Source of classification or shelving scheme Collection code
        Central Library Central Library 12/06/2015 Cen Lib/Ret 0.00   322.42095413 PRA B-019386 12/06/2015 1 0.00 12/06/2015 English Books    
        Patel Nagar Patel Nagar 28/07/2018 BPPD/PUB 495.00   322.42095413 PRA B-019387 28/07/2018   495.00 28/07/2018 English Books Dewey Decimal Classification Non-fiction

© Delhi Public Library
Hit Counter
free hit counter